[Event "28th WSCC Open 65 2018"]
[Site "Bled"]
[Date "2018.11.23"]
[Round "6"]
[White "Cebalo, Miso"]
[Black "Yakimenko, Alexander A."]
[Result "1/2-1/2"]
[WhiteElo "2262"]
[BlackElo "2125"]
[Annotator "TA"]
[PlyCount "62"]
[EventDate "2018.11.17"]
[EventType "swiss"]
[EventCountry "SLO"]
[SourceTitle "playchess.com"]
[Source "ChessBase"]
[SourceQuality "1"]

{[%evp 16,62,52,44,46,40,75,61,58,38,49,35,39,11,87,86,72,0,62,21,37,0,0,0,0,0,6,-21,-26,-34,-31,-66,-30,-37,-22,-28,-22,-36,-16,-22,-22,-13,0,0,7,0,7,0,0]} 1. Nf3 e6 2. g3 f5 3. d4 Nf6 4. Bg2 Be7 5. O-O O-O 6. c4 d5 7. Nc3 c6 8. Qc2 Qe8 9. Bf4 {LiveBook: 3 Games} Nh5 {A95: Classical Dutch: Classical Stonewall: 7 Nc3 c6} (9... Qh5 10. Rab1 Ne4 11. b4 Nd7 12. b5 g5 13. Bc1 g4 14. Ne1 Nb6 15. c5 Nxc3 16. Qxc3 Nc4 17. bxc6 bxc6 {1-0 (30) Hammer,J (2630)-Haubro,S (2135) Oslo 2012}) 10. Be5 $146 ({Predecessor:} 10. e3 Nd7 11. Rfe1 h6 12. Bc7 b6 13. cxd5 exd5 14. e4 fxe4 15. Nxe4 Qg6 16. Qb3 Bb7 17. Bh3 {1-0 (67) Darga,K-Tolush,A Hamburg 1960}) 10... b6 11. cxd5 exd5 {White is slightly better.} 12. e3 Nd7 13. Ne2 Bb7 14. Rac1 Nxe5 (14... g5 $11) 15. Nxe5 $16 Rc8 16. Qb3 ({White should try} 16. Qa4 $16) 16... Kh8 (16... Nf6 $1 $11) 17. Rfe1 Bd6 18. f4 Nf6 19. Bf3 Rc7 20. Nc3 Ne4 21. Nxe4 fxe4 22. Be2 c5 {[%cal Bc6c5,Bc5c4][%mdl 32]} 23. a3 c4 (23... g5 $5 24. fxg5 Rg8 $15) 24. Qc3 Qe7 25. Rf1 Bc8 26. Kg2 a6 27. h4 {The position is equal.} b5 28. Qa5 Bb7 29. Rc2 b4 30. axb4 Bxb4 31. Qa4 Qd6 {Accuracy: White = 56%, Black = 25%.} 1/2-1/2

[Event "28th WSCC Open 65 2018"]
[Site "Bled"]
[Date "2018.11.23"]
[Round "6"]
[White "Leskovar, Mario"]
[Black "Buchal, Stephan"]
[Result "1/2-1/2"]
[WhiteElo "2242"]
[BlackElo "2288"]
[Annotator "TA"]
[PlyCount "30"]
[EventDate "2018.11.17"]
[EventType "swiss"]
[EventCountry "SLO"]
[SourceTitle "playchess.com"]
[Source "ChessBase"]
[SourceQuality "1"]

{[%evp 11,30,16,14,6,16,12,30,13,17,8,93,-17,-12,-30,-17,-30,-39,-52,-52,-59,-48]} 1. b3 e5 2. Bb2 d6 3. e3 g6 4. d4 Bg7 5. dxe5 Nd7 6. Nf3 Nxe5 7. Nxe5 {A01: Nimzowitsch-Larsen Opening} Bxe5 8. Nc3 Bd7 9. Qd2 {White has an edge.} f5 $146 ({Predecessor:} 9... Bc6 10. O-O-O Qe7 11. f4 Bg7 12. e4 Nf6 13. Bd3 O-O-O 14. Rde1 Kb8 {½-½ (14) Wirig,A (2488)-Renet,O (2480) Saint-Quentin 2014}) 10. O-O-O Bc6 (10... Nf6 $11) 11. h4 (11. Bb5 $16) 11... Nf6 $11 12. f4 Bxc3 $1 13. Qxc3 Rf8 14. Rg1 Qe7 15. Bc4 h5 1/2-1/2

[Event "28th WSCC Open 65 2018"]
[Site "Bled"]
[Date "2018.11.23"]
[Round "6"]
[White "Frick, Christoph"]
[Black "Maryasin, Boris"]
[Result "1/2-1/2"]
[WhiteElo "2186"]
[BlackElo "2284"]
[Annotator "TA"]
[PlyCount "31"]
[EventDate "2018.11.17"]
[EventType "swiss"]
[EventCountry "SLO"]
[SourceTitle "playchess.com"]
[Source "ChessBase"]
[SourceQuality "1"]

{[%evp 16,31,0,0,0,-1,0,0,4,0,0,-25,9,0,13,11,29,25]} 1. d4 Nf6 2. Bf4 e6 3. e3 c5 4. c3 b6 5. Nd2 Bb7 6. Ngf3 Be7 7. h3 O-O 8. Bd3 d5 9. Ne5 Ne4 {D02: 1 d4 d5 2 Nf3 sidelines, including 2...Nf6 3 g3 and 2...Nf6 3 Bf4} 10. Qe2 f6 11. Nef3 Bd6 {The position is equal.} 12. Bxd6 $146 ({Predecessor:} 12. O-O Qc7 13. Bxd6 Qxd6 14. Rfd1 Nd7 15. Rac1 Rfd8 16. c4 Nxd2 17. Rxd2 cxd4 18. exd4 {0-1 (44) Karlsson,L (2626)-Akesson,R (2582) Sweden 2006}) 12... Qxd6 13. O-O-O Qc7 14. Bc2 Ba6 15. Qe1 $1 f5 16. Ne5 1/2-1/2

[Event "28th WSCC Open 65 2018"]
[Site "Bled"]
[Date "2018.11.23"]
[Round "6"]
[White "Nukin, Tolegen"]
[Black "Werner, Clemens"]
[Result "1/2-1/2"]
[WhiteElo "2171"]
[BlackElo "2266"]
[Annotator "TA"]
[PlyCount "63"]
[EventDate "2018.11.17"]
[EventType "swiss"]
[EventCountry "SLO"]
[SourceTitle "playchess.com"]
[Source "ChessBase"]
[SourceQuality "1"]

{[%evp 20,63,39,10,19,-2,0,-145,77,70,75,37,102,87,108,87,96,92,121,121,120,118,136,150,141,134,137,111,175,177,180,156,177,183,170,167,277,280,282,164,162,0,276,0,148,0]} 1. e4 c6 2. d4 d5 3. exd5 cxd5 4. Bd3 Nc6 5. c3 Nf6 6. Bf4 Bg4 7. Qb3 Qd7 8. Nd2 e6 9. Ngf3 Bd6 10. Bxd6 Qxd6 11. Qxb7 {LiveBook: 9 Games. B13: Caro-Kann: Exchange Variation and Panov-Botvinnik Attack} (11. O-O O-O 12. Rfe1 Ne7 13. Ne5 Bf5 14. Bf1 Rab8 15. a4 Ne4 16. Nxe4 Bxe4 17. a5 f6 18. Nd3 Bxd3 19. Bxd3 {½-½ (45) Anand,V (2768)-Mamedyarov,S (2801) Saint Louis 2018}) 11... O-O 12. Bb5 Bxf3 13. Nxf3 {[#]} (13. Qxc6 $11 {remains equal.} Qxc6 14. Bxc6 Bxg2 15. Rg1) 13... Ne7 $2 {[#]} (13... Nb4 $1 $17 {[%mdl 512] keeps the pressure on.} 14. cxb4 Rab8) 14. Qa6 $1 $16 {[%cal Ra6d6]} Qf4 $146 ({Predecessor:} 14... Qc7 15. Ne5 Rab8 16. Rb1 Rb6 17. Qa5 Rfb8 18. Bd3 Ne8 19. O-O Nd6 {½-½ (75) Prata,J (2086)-Santos,R Bobadela 2001}) 15. Be2 Ng6 (15... Rab8 $14) 16. O-O Rfb8 17. Rab1 Rb6 18. Qd3 Rab8 19. b3 Qc7 20. g3 e5 21. dxe5 Nxe5 22. Nxe5 Qxe5 23. c4 d4 (23... dxc4 $16 24. Qxc4 Re8) 24. Bf3 a5 25. Rbd1 Rd6 26. Rd2 Qc5 27. Re1 Rbd8 (27... g6 $142 28. Bd5 a4 29. bxa4 (29. Qxd4 Qxd4 30. Rxd4 Kf8 $16) 29... Nxd5 30. Qxd4 (30. cxd5 Qxd5 31. Rb1 Rxb1+ 32. Qxb1 Qe5 $14) 30... Qxd4 31. Rxd4 {[%mdl 64] Pin} Rb4) 28. Rde2 $18 Qa3 29. Rc2 (29. Re5 $142) 29... Qc5 30. Rce2 (30. h4 $142) 30... Qa3 31. Rc2 ({White should play} 31. Re5 $18) 31... Qc5 $1 $16 32. Rce2 {Accuracy: White = 35%, Black = 43%.} (32. Rd2 $16) 1/2-1/2

[Event "28th WSCC Open 65 2018"]
[Site "Bled"]
[Date "2018.11.23"]
[Round "6"]
[White "Vikulov, Alexander"]
[Black "Pushkov, Nikolai"]
[Result "1/2-1/2"]
[WhiteElo "2127"]
[BlackElo "2324"]
[Annotator "TA"]
[PlyCount "31"]
[EventDate "2018.11.17"]
[EventType "swiss"]
[EventCountry "SLO"]
[SourceTitle "playchess.com"]
[Source "ChessBase"]
[SourceQuality "1"]

{[%evp 14,31,4,3,32,9,13,12,10,1,1,0,9,0,7,0,0,0,0,0]} 1. d4 Nf6 2. Nf3 e6 3. Bf4 b6 4. e3 Bb7 5. Bd3 Be7 6. h3 d5 {A47: 1 d4 Nf6 2 Nf3 b6: Torre, London and Colle Systems} (6... O-O 7. Nbd2 c5 8. c3 cxd4 9. exd4 d6 10. O-O Nbd7 11. Re1 Re8 12. Bh2 a6 13. a4 Nf8 14. Ng5 Qd7 15. Qe2 Bc6 16. Bxa6 Bxa4 17. Bd3 Bc6 18. Nc4 {1-0 (82) Giri,A (2755)-Tomashevsky,E (2731) Moscow 2016}) 7. Nbd2 Nbd7 8. O-O {LiveBook: 3 Games} Ne4 9. Ne5 Nxd2 $146 {The position is equal.} ({Predecessor:} 9... O-O 10. f3 Nxd2 11. Qxd2 f6 12. Nxd7 Qxd7 {½-½ (36) Todorov,T (2163)-Buyukliev,N Sunny Beach 2009}) 10. Qxd2 {[#] Bb5 is the strong threat.} Nxe5 11. Bxe5 O-O 12. Qe2 g6 13. Qg4 Bf6 14. Bf4 c5 15. c3 a5 16. Qg3 1/2-1/2

[Event "28th WSCC Open 65 2018"]
[Site "Bled"]
[Date "2018.11.25"]
[Round "7"]
[White "Vaisser, Anatoli"]
[Black "Ackermann, Hans Werner"]
[Result "1-0"]
[WhiteElo "2504"]
[BlackElo "2272"]
[Annotator "ChessBase"]
[PlyCount "69"]
[EventDate "2018.11.17"]
[EventType "swiss"]
[EventCountry "SLO"]
[SourceTitle "playchess.com"]
[Source "ChessBase"]
[SourceQuality "1"]
[TimeControl "40/5400+30:1800+30"]

1. d4 d6 2. e4 Nf6 3. Nc3 e5 4. dxe5 dxe5 5. Qxd8+ Kxd8 6. Bc4 Bb4 7. Bxf7 Nxe4 8. Nge2 Rf8 9. Bb3 Bf5 10. Be3 Nd7 11. O-O-O Nxc3 12. bxc3 Bd6 13. Ng3 Bg6 14. h4 Bf7 15. Ne4 Bxb3 16. cxb3 Ke7 17. Bg5+ Ke6 18. Rd2 h6 19. Nxd6 cxd6 20. Rhd1 Nc5 21. Rxd6+ Kf5 22. Be3 Ne4 23. Rd7 Nxc3 24. R1d2 Rac8 25. Kb2 g5 26. hxg5 hxg5 27. Rxb7 a5 28. a4 g4 29. Rg7 Ne4 30. Rd5 Rcd8 31. Rxa5 Nxf2 32. Rg5+ Ke4 33. Raxe5+ Kd3 34. Bc5 Rf7 35. Ka3 1-0

[Event "28th WSCC Open 65 2018"]
[Site "Bled"]
[Date "2018.11.25"]
[Round "7"]
[White "Sveshnikov, Evgeny"]
[Black "Boehnisch, Manfred"]
[Result "1/2-1/2"]
[WhiteElo "2496"]
[BlackElo "2261"]
[Annotator "TA"]
[PlyCount "77"]
[EventDate "2018.11.17"]
[EventType "swiss"]
[EventCountry "SLO"]
[SourceTitle "playchess.com"]
[Source "ChessBase"]
[SourceQuality "1"]

{[%evp 17,77,25,25,18,26,25,33,34,28,26,31,29,42,20,35,12,17,20,91,61,115,103,161,133,138,128,143,117,256,266,310,305,533,506,419,255,249,234,243,260,248,225,140,0,0,0,0,0,0,0,0,0,0,0,0,0,0,0,0,-43,-39,-65]} 1. e4 c6 2. d4 d5 3. exd5 cxd5 4. Nf3 Nc6 5. c3 Nf6 6. Bf4 g6 7. Bd3 Bf5 8. Bxf5 {B13: Caro-Kann: Exchange Variation and Panov-Botvinnik Attack} gxf5 9. O-O (9. Ne5 e6 10. Nd2 Bd6 11. g3 Qc7 12. Qe2 h5 13. Ndf3 Ne4 14. Nxc6 Qxc6 15. Bxd6 Nxd6 {0-1 (50) Demchenko,A (2660)-Melkumyan,H (2633) Riadh 2017}) 9... e6 {LiveBook: 3 Games} 10. Re1 {White has an edge.} Ne4 $146 ({Predecessor:} 10... Bg7 11. Nbd2 O-O 12. Ne5 Qe7 13. Qf3 Kh8 14. Bg5 Qc7 15. Qg3 Nxe5 16. dxe5 Ne4 17. Nxe4 dxe4 18. Re3 Rg8 19. Qh4 Bxe5 20. Bf6+ {1-0 (41) Bastian,M (2240)-Klings,P (2189) Germany 2010}) 11. Nbd2 {[%cal Bb1d2,Bd2f3,Bf3d4][%mdl 32]} Bd6 12. Bxd6 Qxd6 13. Ne5 Nxe5 14. dxe5 Qb6 15. Re2 O-O-O 16. Nf3 Rhg8 17. Nd4 Rg6 (17... a6 $11 {remains equal.}) 18. f3 Ng5 (18... Nc5 $14) 19. Kh1 $16 h5 (19... a6 $16 {might work better.}) 20. a4 $18 {[%cal Ba2a4,Ba4a5][%mdl 32]} a6 21. a5 Qc7 22. b4 {[%cal Bb2b4,Bb4b5][%mdl 32]} h4 (22... f6 $16) 23. b5 $1 h3 {...hxg2+ would now be nice for Black.} 24. bxa6 hxg2+ $2 (24... bxa6 25. Rb1 Kd7 26. Qa4+ Ke7 27. Nc6+ Kf8 28. Nxd8 Qxd8) 25. Rxg2 bxa6 26. Qf1 ({Weaker is} 26. f4 Ne4 $11) 26... Qc4 27. Qxc4+ dxc4 {[#]} 28. Ra4 $1 Rdg8 29. Rxc4+ Kd7 {[#]} 30. Rg3 (30. h4 $1 $16 Rh8 31. Rh2) 30... f4 $1 $11 {[%cal Rf4g3]} 31. Rg4 {aiming for Rb4.} Nh3 $1 32. Kg2 $1 {[%cal Rg2h3]} Rxg4+ 33. fxg4 Rxg4+ {[%mdl 4096] Endgame KRN-KRN} 34. Kf3 Rh4 {And now ...Ng5+ would win.} 35. Ke2 Ng5 36. Nf3 Nxf3 37. Kxf3 Rxh2 38. Kg4 Ra2 39. Rxf4 {Accuracy: White = 69%, Black = 55%.} 1/2-1/2

[Event "28th WSCC Open 65 2018"]
[Site "Bled"]
[Date "2018.11.25"]
[Round "7"]
[White "Balashov, Yuri S"]
[Black "Jansa, Vlastimil"]
[Result "1/2-1/2"]
[WhiteElo "2445"]
[BlackElo "2437"]
[Annotator "TA"]
[PlyCount "81"]
[EventDate "2018.11.17"]
[EventType "swiss"]
[EventCountry "SLO"]
[SourceTitle "playchess.com"]
[Source "ChessBase"]
[SourceQuality "1"]

{[%evp 16,81,20,21,41,4,6,-12,-16,-10,0,-7,0,6,27,18,25,-12,0,-2,0,-11,0,-7,0,-10,0,0,0,0,0,-14,0,0,0,0,0,0,0,0,0,0,0,0,0,0,0,0,0,0,0,0,0,0,0,0,0,-5,-8,-13,0,0,0,0,0,0,0,0]} 1. e4 c5 2. Nf3 e6 3. d4 cxd4 4. Nxd4 Nc6 5. Nc3 a6 6. Be3 Nf6 7. a3 d6 {B46: Sicilian: Taimanov: 5 Nc3 a6} (7... d5 8. exd5 exd5 9. Be2 Bd6 10. O-O O-O 11. Bf3 Bc7 12. Re1 Re8 13. Qd2 Bg4 14. Bxg4 Nxg4 15. g3 Nge5 16. Kg2 Nc4 17. Qc1 Nxe3+ 18. fxe3 {0-1 (26) Grischuk,A (2772)-Artemiev,V (2691) Huaian 2017}) 8. f4 Be7 9. Qf3 {LiveBook: 4 Games} O-O 10. Bd3 e5 $146 ({Predecessor:} 10... Bd7 11. O-O Rc8 12. Nb3 Kh8 13. Qh3 e5 14. f5 Rg8 15. g4 g5 {1-0 (56) Kolker,V (2111)-Bittner,P (1967) Frankfurt 2010}) 11. Nxc6 bxc6 12. fxe5 dxe5 13. O-O Be6 14. Na4 Nd7 15. Qf2 Qc7 16. b4 Rfb8 {The position is equal.} 17. Nc5 Nxc5 18. Bxc5 a5 19. Rfb1 h6 20. c3 Bxc5 (20... Rb7 {seems wilder.} 21. Be3 Qd8 22. Be2 Bh4 23. g3 Be7) 21. Qxc5 Qa7 22. Qxa7 Rxa7 23. a4 Rd8 24. Bf1 axb4 25. cxb4 Rd4 26. b5 cxb5 27. axb5 Rxa1 28. Rxa1 $11 {[%mdl 4096] Endgame KRB-KRB} Rb4 29. Ra8+ Kh7 30. Kf2 Kg6 31. Ke3 Kf6 32. Ra6 Ke7 33. h4 h5 34. Be2 g6 35. Rc6 Rb3+ 36. Kd2 Rb2+ 37. Ke3 Kd7 38. Rc5 Kd6 39. Rc6+ Kd7 40. Rc5 Kd6 41. Rc6+ {Accuracy: White = 82%, Black = 58%.} 1/2-1/2

[Event "28th WSCC Open 65 2018"]
[Site "Bled"]
[Date "2018.11.25"]
[Round "7"]
[White "Birnboim, Nathan"]
[Black "Giffard, Nicolas"]
[Result "1-0"]
[WhiteElo "2376"]
[BlackElo "2249"]
[Annotator "NA"]
[PlyCount "83"]
[EventDate "2018.11.17"]
[EventType "swiss"]
[EventCountry "SLO"]
[SourceTitle "playchess.com"]
[Source "ChessBase"]
[SourceQuality "1"]
[TimeControl "40/5400+30:1800+30"]

1. e4 c6 2. c4 e5 3. Nf3 d6 4. d4 Bg4 5. Be2 Bxf3 6. Bxf3 Be7 7. O-O Nf6 8. Nc3 O-O 9. Be3 Nbd7 10. d5 c5 11. a3 Ne8 12. Qd2 g6 13. Bh6 Ng7 14. Bg4 Nf6 15. Bh3 Kh8 16. b4 b6 17. Rab1 Ng8 18. Bxg7+ Kxg7 19. bxc5 bxc5 20. Rb7 Bg5 21. Qc2 Nf6 22. Rfb1 Kg8 23. Nb5 a6 24. Nc7 Rb8 25. Rxb8 Qxc7 26. R8b6 Ra8 27. g3 h5 28. Kf1 Ra7 29. f3 h4 30. Qa4 hxg3 31. hxg3 Nh5 32. Qe8+ Kh7 33. Kf2 Bh6 34. Qc6 Qe7 35. Bg4 Qg5 36. Bxh5 Qe3+ 37. Kg2 Qe2+ 38. Kh3 gxh5 39. Qxd6 Bg7 40. R6b3 Qxc4 41. Qd8 f6 42. Qe8 1-0

[Event "28th WSCC Open 65 2018"]
[Site "Bled"]
[Date "2018.11.25"]
[Round "7"]
[White "Vogt, Lothar"]
[Black "Nukin, Tolegen"]
[Result "1/2-1/2"]
[WhiteElo "2359"]
[BlackElo "2171"]
[Annotator "NA"]
[PlyCount "59"]
[EventDate "2018.11.17"]
[EventType "swiss"]
[EventCountry "SLO"]
[SourceTitle "playchess.com"]
[Source "ChessBase"]
[SourceQuality "1"]
[TimeControl "40/5400+30:1800+30"]

1. e4 c5 2. Nf3 e6 3. d4 cxd4 4. Nxd4 a6 5. Bd3 Nf6 6. O-O d6 7. c4 b6 8. Nc3 Bb7 9. f4 Nbd7 10. Qe2 Rc8 11. Kh1 Qc7 12. Bd2 Be7 13. Rae1 O-O 14. b3 Rfd8 15. Nf3 Bf8 16. e5 Bxf3 17. Rxf3 Ne8 18. Bxh7+ Kxh7 19. Rh3+ Kg8 20. Qh5 f6 21. f5 Nc5 22. Qh7+ Kf7 23. Qg6+ Kg8 24. fxe6 Nxe6 25. exf6 Nxf6 26. Nd5 Nxd5 27. Qxe6+ Qf7 28. Rh8+ Kxh8 29. Qxf7 Nf6 30. Re3 1/2-1/2

[Event "28th WSCC Open 65 2018"]
[Site "Bled"]
[Date "2018.11.25"]
[Round "7"]
[White "Renman, Nils-Gustaf"]
[Black "Rashkovsky, Nukhim N"]
[Result "0-1"]
[WhiteElo "2351"]
[BlackElo "2482"]
[Annotator "ChessBase"]
[PlyCount "60"]
[EventDate "2018.11.17"]
[EventType "swiss"]
[EventCountry "SLO"]
[SourceTitle "playchess.com"]
[Source "ChessBase"]
[SourceQuality "1"]
[TimeControl "40/5400+30:1800+30"]

1. d4 Nf6 2. Nf3 e6 3. c4 Bb4+ 4. Bd2 Qe7 5. g3 Bxd2+ 6. Qxd2 Nc6 7. Nc3 d5 8. cxd5 exd5 9. Bg2 Bg4 10. O-O O-O-O 11. e3 h5 12. b4 Ne4 13. Qb2 Bxf3 14. Bxf3 f5 15. a3 h4 16. Nxe4 dxe4 17. Bd1 Qg5 18. Qe2 hxg3 19. fxg3 Rh3 20. Rf2 Rdh8 21. Rg2 Ne7 22. Bb3 Kb8 23. Qf2 Nc8 24. Rf1 Nd6 25. Qf4 Qf6 26. g4 fxg4 27. Qxg4 Qh6 28. Rg3 Rxh2 29. Qxg7 Rh1+ 30. Kf2 Qxg7 {Kg1} 0-1

[Event "28th WSCC Open 65 2018"]
[Site "Bled"]
[Date "2018.11.25"]
[Round "7"]
[White "Shirazi, Kamran"]
[Black "Srebrnic, Vojko"]
[Result "1/2-1/2"]
[WhiteElo "2333"]
[BlackElo "2140"]
[Annotator "NA"]
[PlyCount "147"]
[EventDate "2018.11.17"]
[EventType "swiss"]
[EventCountry "SLO"]
[SourceTitle "playchess.com"]
[Source "ChessBase"]
[SourceQuality "1"]
[TimeControl "40/5400+30:1800+30"]

1. Nf3 Nf6 2. g3 g6 3. Bg2 Bg7 4. d3 d6 5. e4 {A05: Réti Opening: 1 Nf3 Nf6} c5 6. e5 dxe5 7. Nxe5 O-O 8. O-O Nbd7 9. Nf3 $146 ({Predecessor:} 9. Nc4 Nb6 10. a4 Nbd5 11. Nbd2 Bg4 12. Nf3 Qc8 13. Re1 Rd8 14. Bd2 Bh3 {1-0 (50) Zvjaginsev,V (2643)-Seliverstov,V (2464) Moscow 2017}) 9... Nb6 10. a4 Nbd5 11. Re1 Nb4 12. Ne5 Nd7 13. Nc4 Nb6 14. Na5 N6d5 15. Nb3 Na6 16. Na3 e6 17. c3 Bd7 18. Nc4 Qc7 19. h4 Rad8 20. Qe2 Bc8 21. h5 Nb8 22. Ne3 Nxe3 23. Bxe3 Na6 24. d4 cxd4 25. Nxd4 b6 26. a5 Nc5 27. h6 Bh8 28. axb6 axb6 29. Bf4 e5 30. Bxe5 Bxe5 31. Qxe5 Qxe5 32. Rxe5 Nd3 33. Re3 Nxb2 34. Nc6 Rd1+ 35. Rxd1 Nxd1 36. Rd3 Nb2 37. Ne7+ Kh8 38. Rd6 Nc4 39. Rc6 Be6 40. Bd5 Ne5 41. Rxb6 Bxd5 42. Nxd5 Ng4 43. c4 Nxh6 44. c5 Rd8 45. Ne3 Nf5 46. Nxf5 gxf5 47. Rd6 Ra8 48. Rd5 Ra3 49. Rxf5 Kg7 50. Kg2 Rc3 51. g4 h6 52. f3 f6 53. Kg3 Kf7 54. Kf4 Ke6 55. Ke4 Rc1 56. Kd4 Rd1+ 57. Kc4 Rf1 58. Kb5 h5 59. c6 Rb1+ {[#]} 60. Kc5 $2 ({White has to play} 60. Ka6 $1 $18) 60... Rc1+ 61. Kb6 h4 62. c7 ({White should play} 62. Kc7 $16) 62... h3 $1 63. Rh5 Kd6 $1 64. Rxh3 Rc6+ 65. Kb5 Rxc7 66. Rh5 Rc3 67. Rf5 Ke6 68. Kb4 Rc1 69. Rf4 Rc2 70. Re4+ Kf7 71. Rc4 Rf2 72. f4 Kg6 73. Kc5 Rg2 74. g5 $11 1/2-1/2

[Event "28th WSCC Open 65 2018"]
[Site "Bled"]
[Date "2018.11.25"]
[Round "7"]
[White "Pushkov, Nikolai"]
[Black "Van Oosten, Arend"]
[Result "1-0"]
[WhiteElo "2324"]
[BlackElo "2137"]
[Annotator "NA"]
[PlyCount "121"]
[EventDate "2018.11.17"]
[EventType "swiss"]
[EventCountry "SLO"]
[SourceTitle "playchess.com"]
[Source "ChessBase"]
[SourceQuality "1"]
[TimeControl "40/5400+30:1800+30"]

1. c4 e5 2. Nc3 Nc6 3. g3 g6 4. Bg2 Bg7 5. d3 d6 6. Rb1 Be6 7. b4 Qd7 8. b5 Nd8 9. Nf3 {A25: English Opening vs King's Indian with ...Nc6 but without early d3} (9. a4 Ne7 10. Nd5 O-O 11. a5 a6 12. b6 c6 13. Nc7 Rc8 14. Ba3 f5 15. Nf3 h6 16. O-O Bf7 17. c5 {0-1 (41) Venkatesh,M (2509)-Short,N (2697) Bangkok 2012}) 9... Bh3 10. O-O Bxg2 11. Kxg2 Ne7 12. e4 O-O 13. d4 exd4 14. Nxd4 Ne6 15. Be3 Nc5 $146 ({Predecessor:} 15... a6 16. bxa6 b6 17. Nd5 Rxa6 18. Nxe6 fxe6 {0-1 (71) Gomez Jurado,L (2312)-Sundararajan,K (2427) Montcada 2015}) 16. Qc2 f5 17. exf5 Nxf5 18. Nxf5 Rxf5 19. Nd5 c6 20. bxc6 bxc6 21. Nf4 Raf8 22. h3 Be5 23. Ne2 Ne6 24. f4 Bg7 25. Ng1 d5 26. cxd5 cxd5 27. Nf3 d4 28. Rfd1 Rd5 29. Qb3 Kh8 30. Qb7 Rd8 31. Qxd7 R5xd7 32. Bd2 d3 33. Rb5 Kg8 34. Ne5 Bxe5 35. Rxe5 Kf7 36. f5 gxf5 37. Rxf5+ Kg8 38. Re5 Nf8 39. Rg5+ Ng6 40. h4 Rd5 41. h5 Rxg5 42. Bxg5 Rd5 43. hxg6 Rxg5 44. gxh7+ Kxh7 45. Rxd3 Ra5 46. a3 Kg6 47. Kf3 Kf5 48. Re3 Rb5 49. Ke2 Kg4 50. Kd2 Rb2+ 51. Kc3 Rb1 52. Kc4 Rb2 53. a4 Rb1 54. a5 Rb2 55. Re7 Kxg3 56. Rxa7 Kf4 57. Re7 Kf5 58. a6 Kf6 $18 59. Rb7 Ra2 60. a7 Ke6 61. Kc5 {Kd5} 1-0

[Event "28th WSCC Open 65 2018"]
[Site "Bled"]
[Date "2018.11.25"]
[Round "7"]
[White "Buchal, Stephan"]
[Black "Frick, Christoph"]
[Result "0-1"]
[WhiteElo "2288"]
[BlackElo "2186"]
[Annotator "ChessBase"]
[PlyCount "116"]
[EventDate "2018.11.17"]
[EventType "swiss"]
[EventCountry "SLO"]
[SourceTitle "playchess.com"]
[Source "ChessBase"]
[SourceQuality "1"]
[TimeControl "40/5400+30:1800+30"]

1. e4 c6 2. d4 d5 3. e5 Bf5 4. Nf3 e6 5. Be2 c5 6. c3 Nc6 7. O-O cxd4 8. Nxd4 Nge7 9. Nxf5 Nxf5 10. Bd3 Bc5 11. Qe2 O-O 12. Nd2 Qh4 13. Nf3 Qh5 14. Bf4 Rae8 15. h3 f6 16. Rae1 g5 17. Bh2 g4 18. Nd2 Nh6 19. b4 Bb6 20. b5 Nxe5 21. Bxe5 fxe5 22. Qxe5 Qxe5 23. Rxe5 Nf7 24. Rh5 g3 25. c4 gxf2+ 26. Kh1 Be3 27. Nf3 dxc4 28. Bxc4 Nd6 29. Bd3 Nf5 30. Bxf5 Rxf5 31. Rxf5 exf5 32. g3 Rc8 33. Kg2 Rc2 34. Nh4 Rxa2 35. Nxf5 Bc5 36. g4 Kf7 37. Rb1 Kf6 38. Rc1 b6 39. Ng3 Ke5 40. Rb1 a5 41. bxa6 Rxa6 42. Rb3 Ra1 43. Nf1 Kd5 44. g5 Ke4 45. Rg3 Kf4 46. g6 hxg6 47. Rxg6 b5 48. h4 b4 49. Rf6+ Ke5 50. Rf3 Ra3 51. Rf7 Ra7 52. Rf3 Rg7+ 53. Ng3 Kd5 54. Kf1 Kc4 55. Ke2 b3 56. Rf4+ Kb5 57. Ne4 Re7 58. Kd3 Rxe4 {Kd4} 0-1

[Event "28th WSCC Open 65 2018"]
[Site "Bled"]
[Date "2018.11.25"]
[Round "7"]
[White "Maryasin, Boris"]
[Black "Leskovar, Mario"]
[Result "1-0"]
[WhiteElo "2284"]
[BlackElo "2242"]
[Annotator "NA"]
[PlyCount "89"]
[EventDate "2018.11.17"]
[EventType "swiss"]
[EventCountry "SLO"]
[SourceTitle "playchess.com"]
[Source "ChessBase"]
[SourceQuality "1"]
[TimeControl "40/5400+30:1800+30"]

1. e4 g6 2. d4 Bg7 3. Nc3 c6 4. Be3 d5 5. f3 dxe4 6. fxe4 Nf6 7. Nf3 Qb6 8. Qd2 O-O 9. Bc4 Ng4 10. Bg5 e5 11. dxe5 Qc5 12. Bb3 Nxe5 13. Nxe5 Bxe5 14. O-O-O Be6 15. Bh6 Bg7 16. Bxg7 Kxg7 17. Bxe6 fxe6 18. Rhf1 Rxf1 19. Rxf1 Qe7 20. Rd1 Na6 21. Qd7 Re8 22. Qd4+ e5 23. Qxa7 Nc5 24. Kb1 Ne6 25. Qe3 Rd8 26. Rxd8 Qxd8 27. a4 Qa5 28. Qh3 Nf8 29. Qc8 Qb6 30. a5 Qa6 31. Qc7+ Kf6 32. b3 Ne6 33. Qxh7 Qxa5 34. Kb2 b6 35. h4 Qc5 36. g4 Nf4 37. Qd7 g5 38. Qf5+ Ke7 39. Qxg5+ Kd7 40. Qg7+ Kc8 41. h5 Qf2 42. Qg8+ Kd7 43. Qf7+ Kd6 44. Qf6+ Kd7 45. Qf5+ 1-0

[Event "28th WSCC Open 65 2018"]
[Site "Bled"]
[Date "2018.11.25"]
[Round "7"]
[White "Barle, Janez"]
[Black "Kiefer, Gerhard"]
[Result "1/2-1/2"]
[WhiteElo "2259"]
[BlackElo "2306"]
[Annotator "ChessBase"]
[PlyCount "101"]
[EventDate "2018.11.17"]
[EventType "swiss"]
[EventCountry "SLO"]
[SourceTitle "playchess.com"]
[Source "ChessBase"]
[SourceQuality "1"]
[TimeControl "40/5400+30:1800+30"]

1. e4 c5 2. Nf3 e6 3. Nc3 Nc6 4. Bb5 Nge7 5. O-O a6 6. Bxc6 Nxc6 7. d4 cxd4 8. Nxd4 Qc7 9. Re1 Bd6 10. g3 Nxd4 11. Qxd4 O-O 12. e5 Be7 13. Qg4 f5 14. exf6 Rxf6 15. Nd5 Qc5 16. Nxf6+ Bxf6 17. c3 d6 18. Be3 Qc6 19. Rad1 e5 20. Qb4 d5 21. Qc5 Be6 22. Qxc6 bxc6 23. f3 Rd8 24. Bf4 e4 25. fxe4 Bg4 26. exd5 Bxd1 27. Rxd1 cxd5 28. Be3 Rb8 29. Rd2 Kf7 30. Kf2 Ke6 31. Ke2 h5 32. Kd3 h4 33. Bf4 Rb7 34. g4 Rf7 35. Be3 Be5 36. Re2 Rf3 37. Kd2 Kf6 38. Rg2 h3 39. Re2 Rf1 40. Bf2 Rh1 41. Ke3 Bxh2 42. Kf3 Be5 43. Bh4+ Ke6 44. Re1 Rxe1 45. Bxe1 Kd7 46. b4 Kc6 47. a4 g6 48. Kf2 Kd7 49. Kf3 Kc6 50. Kf2 Kd7 51. Kf3 1/2-1/2